[Event "Kurunegala op 11th"]
[Site "Kurunegala"]
[Date "2019.12.01"]
[Round "3"]
[White "Subasinghe, KRVR"]
[Black "Ekanayake, Nipuna Ravindra"]
[Result "1-0"]
[WhiteElo "2009"]
[BlackElo "1282"]
[PlyCount "44"]
[EventDate "2019.11.30"]
[EventType "swiss"]
[EventRounds "10"]
[EventCountry "SRI"]
[SourceTitle "CBM 193 Extra"]
[Source "ChessBase"]
[SourceDate "2020.01.31"]
[SourceVersion "1"]
[SourceVersionDate "2020.01.31"]
[SourceQuality "1"]

1. e4 c5 2. d4 cxd4 3. c3 d3 4. Bxd3 d6 5. Nf3 Nf6 6. h3 a6 7. 0-0 e5 8. Qe2 Be7 9. Rd1 0-0 10. Nbd2 b6 11. Bc2 Bb7 12. Nc4 Qc7 13. Bg5 Nfd7 14. Ne3 Nc5 15. Nf5 Rd8 16. Nxe7+ Qxe7 17. Nh4 Bc8 18. b4 Nb7 19. Qf3 h6 20. Be3 b5 21. Bb3 Be6 22. Bxe6 Qxe6 1-0